Регионална библиотека "Любен Каравелов" - Русе

Улица Консервна | За мишките и хората (Запис номер 453397)

MARC детайли
000 -Лидер
Контролно поле с фиксирана дължина nam a22 a 4500
003 - Код на организацията, давaща контролен номер
Контролно поле BLK
005 - Дата и час на последна редакция
Контролно поле 20220415084623.0
008 - Елементи от данни с фиксирана дължина
fixed length control field 200311b bul|||||r ||||||| ||bul||
040 ## - Източник на каталожния запис
Идентификатор на билиотеката - собственик на записа BLK
041 ## - Код за език
Код за езика на текст/звукозапис или на отделно заглавие Български
Код за езика КДБФ Български
080 ## - УДК
Текстов определител УДК Американска литература (на САЩ)
УДК код - определител по УДК 821.111(73)
УДК определител -3
УДК - код + определител 821.111(73)-3
100 ## - Редна дума - Автор
Автор Стайнбек, Джон
Авторска отговорност първи автор
R(LIN) 251302
139 ## - Редно поле
Редна дума Стайнбек, Джон
245 10 - Сведения за заглавието
Заглавие Улица Консервна
Подзаглавни данни Роман
Редно поле (дума) Джон Стайнбек; прев. от англ. [и предг.] Кръстан Дянков; Тодор Вълчев
245 10 - Сведения за заглавието
Заглавие За мишките и хората
Подзаглавни данни Повест
Редно поле (дума) Джон Стайнбек ; прев. от англ. Тодор Вълчев
257 ## - Страна на издаване
Страна на създаване/издаване България
260 ## - Област на издателските данни
Място на издаване, разпространение и проч. Пловдив
Име на издателя, разпространителя и проч. Христо Г. Данов
Година на издаване 1964
9 (RLIN) 209596
Издателство - префикс ISBN 954-442-
300 ## - Физическа характеристика
Страници 224 с.
Илюстрации и др. 1 л. портр.
Размери/Мащаб 25 см
380 ## - Жанр
Жанр Худож. лит.
500 ## - Общи забележки
Забележка Авт. не е даден на кор.
700 ## - Други автори (авторска отговорност)
Лично име Вълчев, Тодор
Автороска отговорност (Описва отношението между автора и произведението) прев. от англ.
9 (RLIN) 244118
700 ## - Други автори (авторска отговорност)
Лично име Дянков, Кръстан
Автороска отговорност (Описва отношението между автора и произведението) прев. от англ.
9 (RLIN) 424903
852 ## - Местоположение
Форматна сигнатура Цб 30276
Фондова буква Хранилище
999 ## - СИСТЕМНИ КОНТРОЛНИ НОМЕРА
Koha biblionumber 453397
Koha biblioitemnumber 453397
942 ## - АРТИКУЛИ
Вид на библиотечния материал Книги
Скрит в OPAC Не
Периодичен библиозапис Да
944 ## - СЪЗДАВАНЕ И РЕДАКЦИЯ на ЗАПИСА
Създаване/Редакция Създаване
Дата на регистрацията/редакция 2022-04-15
Служител, извършил регистрацията/редакцията Микаела Микова-Илиева
999 ## - СИСТЕМНИ КОНТРОЛНИ НОМЕРА
Koha biblioitemnumber 397771
Наличности
Код за отписване Код за изгубен артикул Източник на класификационната схема Код за повреда Коз за рестрикции Код за отдаване Артикулен № Име на библиотеката - собственик Име на библиотеката, в която се намира в момента Статус (Текущо местоположение) Дата на вписване в системата Местоположение - отдел Цена в лева Инвентарен номер Систематично азбучна сигнатура Баркод Цена в евро Служебен тип на артикула
  Не е изгубен Universal Decimal Classification Не е повреден само за читалня ползва се в читалня 882058 Регионална библиотека "Любен Каравелов" Русе Регионална библиотека "Любен Каравелов" Русе Хранилище 2022-04-18 Хранилище 0.80 10199/64 Цб 30276 900000089077 0.41 Книги
Vip Innovations Ltd, Rousse, Bulgaria 2025